La realidad subyacente del lenguaje y su valor filosófico
Saved in:
| 主要作者: | |
|---|---|
| 格式: | 圖書 |
| 語言: | 西班牙语 |
| 出版: |
Madrid
Alianza
1975
|
| 叢編: | Alianza Universidad, 122
|
| 主題: | |
| 標簽: |
添加標簽
沒有標簽, 成為第一個標記此記錄!
|
MARC
| LEADER | 00000nam a2200000 a 4500 | ||
|---|---|---|---|
| 001 | UCX2375 | ||
| 003 | CL-VaPUC | ||
| 008 | 910507e19750000SP |||||||||||||||||spa|d | ||
| 082 | 0 | 4 | |a 410 |b KAT |2 21 |
| 100 | |a Katz, Jerrold J |e author |9 523112 | ||
| 245 | 1 | 3 | |a La realidad subyacente del lenguaje y su valor filosófico |
| 300 | |a 173 p | ||
| 942 | |c BK | ||
| 945 | |d 19910507 00:00:00 | ||
| 260 | |a Madrid |b Alianza |c 1975 | ||
| 650 | 0 | |a Filosofía del lenguaje |9 257082 | |
| 650 | 0 | |a Lingüística |9 265068 | |
| 583 | |a last modification |c 19910507 00:00:00 |k Rodrigo Vera | ||
| 490 | 0 | |a Alianza Universidad, 122 | |
| 999 | |c 223410 |d 223408 | ||
| 952 | |0 0 |1 0 |4 0 |6 410_000000000000000_KAT_1975 |7 0 |8 A |9 219177 |a FDOPOS |b FDOPOS |d 2019-11-15 |i 2879379 |o 410 KAT 1975 |p 2879379 |r 2025-01-22 |w 2019-11-15 |y BK |k MLA | ||
| 952 | |0 0 |1 0 |4 0 |6 410_000000000000000_KAT_1975 |7 0 |8 P |9 219178 |a BIBEDU |b BIBEDU |c BIBEDU_PB |d 2019-11-15 |i 1586556 |o 410 KAT 1975 |p 1586556 |r 2024-01-25 |w 2019-11-15 |y BK |k FIL | ||